| 000 | 00558nam a2200193 a 4500 | ||
|---|---|---|---|
| 005 | 20210219152845.0 | ||
| 008 | 991125n 000 0 spa u | ||
| 035 | _aUPN01000063521 | ||
| 100 | _aARNOLD, M. | ||
| 222 | _aEDUCACION (ALEMANIA) | ||
| 245 | _aAlgunas consideraciones sobre la educación y preparación para la asistencia médica en los países en desarrollo | ||
| 300 | _a20-28 | ||
| 362 | _a1980 vol. 22 | ||
| 653 | 0 | _aMEDICINA | |
| 653 | 0 | _aPAISES EN DESARROLLO | |
| 653 | 0 | _aSALUD PUBLICA | |
| 904 |
_aAC _b001332 |
||
| 905 | _aArticulo | ||
| 999 |
_c62150 _d62150 |
||